| 000 | 01977cam a22004215i 4500 | ||
|---|---|---|---|
| 999 |
_c27814 _d27785 |
||
| 001 | 015903008 | ||
| 003 | EG-ScBUE | ||
| 005 | 20191211120409.0 | ||
| 006 | m||||fq||h z00| 0 | ||
| 008 | 110930r20121920enk f d 000 f eng d | ||
| 020 | _a9780007451524 (pbk.) | ||
| 040 |
_aStDuBDS _beng _erda _cStDuBDS _dEG-ScBUE |
||
| 082 | 0 | 4 |
_a823.912 _bCHR _222 |
| 100 | 1 |
_aChristie, Agatha, _d1890-1976, _eauthor. |
|
| 245 | 1 | 4 |
_aThe mysterious affair at styles / _cAgatha Christie. |
| 246 | 3 | 4 |
_aMysterious affair at styles : _bpoirot's first case |
| 250 | _aReprint edition. | ||
| 250 | _aAbridged edition. | ||
| 264 | 1 |
_aLondon : _bCollins / HarperCollins Pablishers _c2012. |
|
| 300 |
_a122 pages ; _c20 cm. + _e1 audio CD-ROM. |
||
| 336 |
_atext _btxt _2rdacontent |
||
| 336 |
_asounds _2rdacontent _bsnd |
||
| 337 |
_aunmediated _bn _2rdamedia |
||
| 337 |
_acomputer _bc _2rdamedia |
||
| 338 |
_avolume _bnc _2rdacarrier |
||
| 338 |
_acomputer disc _bcd _2rdacarrier |
||
| 490 | 0 | _aCollins English readers | |
| 500 | _aIncludes glossary. | ||
| 500 | _a"Copyright c2012 The mysterious affair at styles abridged edition Agatha Christie Limited." -- back title page. | ||
| 500 | _aOriginal text first published, 1920. | ||
| 520 | _a"Recently, there have been some strange things happening at Styles Court, a large country house in Essex. Evelyn Howard, who was a loyal servant to the family for years, left the house after an argument with Mrs Inglethrop. After that, the atmosphere changes and Mrs Inglethrop suffers a fatal fit in her bed. Has she been poisoned? The air is full of suspicion. It is up the famous Belgian detective, Hercule Poirot, to find out what happened."--Publisher's description. | ||
| 600 | 1 | 7 |
_aPoirot, Hercule _c(Fictitious character) _xFiction. _2BUEsh |
| 650 | 7 |
_aPrivate investigators _zEngland _vFiction. _2BUEsh |
|
| 653 |
_bHHUUEENN _cNovember2019 |
||
| 655 | _vReading book | ||
| 655 | 0 | _aDetective and mystery stories. | |
| 942 |
_2ddc _cBB |
||